00222nam a22001097a 4500003000400000020001800004082001400022100001900036245002000055260002900075300000800104SGT a9789355212894 a320bS22K aKUMAR, SANTOSH aSANGH TO SARKAR bPRABHAT PAPERBACKSc2022 a507